Tottenham players (2000-2010) - Statistics

General Stats
  • This quiz has been taken 10 times
  • The average score is 54 of 115
Answer Stats
Rank Player Positions Nationality Matches Goals (assists) Period % Correct
5 Aaron Lennon RW 139 15 (30) 2005-2010
100%
45 Gareth Bale RW 47 5 (6) 2007-2010
100%
24 Heurelho Gomes GK 65 0 (0) 2008-2010
100%
3 Jermain Defoe ST 181 64 (10) 2003-2010
100%
1 Ledley King CB 237 10 (8) 2000-2010
100%
2 Robbie Keane ST 231 91 (29) 2002-2010
100%
20 Dimitar Berbatov ST 70 27 (20) 2006-2009
89%
34 Luka Modrić CM 59 6 (13) 2008-2010
89%
4 Michael Dawson CB 146 5 (5) 2004-2010
89%
6 Paul Robinson GK 137 1 (2) 2004-2008
89%
52 Peter Crouch ST 38 8 (8) 2009-2010
89%
18 Benoît Assou-Ekotto LB 76 1 (4) 2006-2010
78%
102 Ian Walker GK 4 0 (0) 2000-2001
78%
7 Jermaine Jenas CM 135 21 (14) 2005-2010
78%
110 Kyle Walker RB 2 0 (0) 2009-2010
78%
43 Mido ST 48 14 (3) 2004-2007
78%
64 Sébastien Bassong CB 28 1 (0) 2009-2010
78%
8 Simon Davies RM 116 13 (12) 2000-2005
78%
60 Alan Hutton RB 30 0 (1) 2007-2010
67%
44 Christian Ziege LM 47 7 (13) 2001-2004
67%
112 Danny Rose LB 1 1 (0) 2009-2010
67%
11 Darren Anderton RM 98 7 (14) 2000-2004
67%
32 Darren Bent ST 60 18 (7) 2007-2009
67%
49 David Bentley RM 40 2 (4) 2008-2010
67%
13 Didier Zokora DM 88 0 (0) 2006-2009
67%
89 Fraizer Campbell ST 10 1 (1) 2008-2009
67%
33 Frédéric Kanouté ST 60 14 (8) 2003-2006
67%
96 Giovani dos Santos CF 7 0 (0) 2008-2010
67%
17 Gustavo Poyet AM 82 18 (6) 2001-2004
67%
15 Kasey Keller GK 85 0 (1) 2001-2004
67%
73 Sol Campbell CB 21 2 (0) 2000-2001
67%
12 Stephen Carr RB 90 4 (3) 2000-2001, 2002-2004
67%
31 Teemu Tainio DM 61 3 (3) 2005-2008
67%
28 Vedran Corluka CB 63 1 (5) 2008-2010
67%
59 Younès Kaboul CB 31 3 (1) 2007-2008, 2009-2010
67%
22 Young-pyo Lee LB 69 0 (0) 2005-2008
67%
65 Andy Reid LM 26 1 (2) 2004-2006
56%
16 Chris Perry CB 83 2 (0) 2000-2003
56%
50 Edgar Davids CM 40 1 (2) 2005-2007
56%
58 Erik Edman LB 31 1 (1) 2004-2006
56%
75 Hélder Postiga ST 19 1 (0) 2003-2004
56%
41 Jonathan Woodgate CB 49 2 (0) 2007-2010
56%
67 Niko Kranjcar AM 24 6 (5) 2009-2010
56%
61 Noureddine Naybet CB 30 1 (0) 2004-2006
56%
48 Paul Stalteri RB 42 2 (0) 2005-2008
56%
69 Reto Ziegler CB 23 1 (2) 2004-2005, 2006-2007
56%
35 Sergiy Rebrov CF 59 10 (7) 2000-2002
56%
39 Steffen Iversen CF 51 7 (6) 2000-2003
56%
21 Teddy Sheringham ST 70 22 (7) 2001-2003
56%
10 Tom Huddlestone DM 108 6 (14) 2005-2010
56%
47 Wilson Palacios DM 44 1 (2) 2008-2010
56%
90 Adel Taarabt CM 9 0 (0) 2006-2009
44%
87 Carlo Cudicini GK 11 0 (0) 2008-2010
44%
91 Chris Armstrong ST 9 2 (0) 2000-2001
44%
19 Dean Richards CB 73 4 (2) 2001-2004
44%
88 Eidur Gudjohnsen ST 11 1 (0) 2009-2010
44%
29 Gary Doherty CB 62 4 (1) 2000-2005
44%
94 Grzegorz Rasiak ST 8 0 (0) 2005-2006
44%
83 Kevin-Prince Boateng AM 14 0 (0) 2007-2009
44%
14 Mauricio Taricco LB 88 2 (3) 2000-2004
44%
26 Michael Carrick DM 64 2 (8) 2004-2006
44%
27 Neil Sullivan GK 64 0 (0) 2000-2002
44%
23 Pascal Chimbonda RB 68 3 (9) 2006-2009
44%
62 Pedro Mendes CM 30 1 (1) 2004-2006
44%
46 Roman Pavlyuchenko ST 44 10 (4) 2008-2010
44%
81 Sean Davis DM 16 0 (3) 2004-2005
44%
53 Stephen Kelly RB 38 2 (0) 2003-2006
44%
9 Anthony Gardner CB 114 2 (0) 2000-2008
33%
82 Calum Davenport CB 15 1 (0) 2004-2007
33%
98 Chris Gunter RB 5 0 (0) 2007-2009
33%
93 Dean Marney CM 8 2 (1) 2003-2005
33%
38 Goran Bunjevcevic CB 51 0 (3) 2001-2005
33%
72 Hossam Ghaly CM 21 1 (3) 2006-2007
33%
56 Jamie O'Hara CM 34 2 (0) 2007-2010
33%
42 Jamie Redknapp CM 48 4 (2) 2002-2005
33%
74 Johnnie Jackson CM 20 1 (2) 2003-2006
33%
103 Kazuyuki Toda DM 4 0 (0) 2002-2003
33%
115 Kyle Naughton RB 1 0 (0) 2009-2010
33%
25 Les Ferdinand ST 64 21 (2) 2000-2003
33%
97 Mbulelo Mabizela CB 7 1 (0) 2003-2005
33%
78 Milenko Acimovic LM 17 0 (1) 2002-2003
33%
57 Øyvind Leonhardsen CM 32 3 (1) 2000-2002
33%
84 Ricardo Rocha CB 14 0 (0) 2006-2008
33%
36 Steffen Freund DM 58 0 (0) 2000-2003
33%
71 Stéphane Dalmat CM 22 3 (1) 2003-2004
33%
77 Thimothée Atouba LB 18 1 (0) 2004-2005
33%
37 Tim Sherwood CM 52 2 (0) 2000-2002
33%
100 Wayne Routledge LW 5 0 (0) 2005-2006, 2007-2008
33%
111 Ben Alnwick GK 1 0 (0) 2009-2010
22%
79 Bobby Zamora ST 16 0 (2) 2003-2004
22%
70 Danny Murphy CM 22 1 (1) 2005-2007
22%
95 Gilberto LB 7 1 (0) 2007-2009
22%
113 Jake Livermore DM 1 0 (0) 2009-2010
22%
109 José Dominguez LW 2 0 (0) 2000-2001
22%
40 Michael Brown CM 50 2 (4) 2003-2006
22%
80 Radek Cerny GK 16 0 (1) 2004-2005, 2007-2008
22%
92 Ramon Vega CB 9 0 (0) 2000-2001
22%
63 Rohan Ricketts AM 30 1 (1) 2003-2005
22%
30 Steed Malbranque CM 62 6 (9) 2006-2008
22%
76 Alton Thelwell CB 18 0 (0) 2000-2002
11%
54 Ben Thatcher LB 36 0 (2) 2000-2003
11%
108 Jonathan Blondel DM 2 0 (0) 2002-2004
11%
104 Lee Barnard ST 3 0 (0) 2005-2006
11%
68 Luke Young RB 23 0 (0) 2000-2001
11%
51 Matthew Etherington LM 40 1 (3) 2000-2003
11%
66 Noé Pamarot CB 25 1 (0) 2004-2006
11%
86 Paul Konchesky LB 12 0 (1) 2003-2004
11%
85 Willem Korsten LW 13 3 (0) 2000-2001
11%
101 Andy Booth ST 4 0 (0) 2000-2001
0%
107 Dave McEwen FW 2 0 (0) 2000-2001
0%
114 Jamie Slabber ST 1 0 (1) 2002-2003
0%
99 John Piercy MF 5 0 (0) 2000-2001
0%
105 Mark Yeates LW 3 0 (0) 2003-2005
0%
106 Philip Ifil RB 3 0 (0) 2004-2005, 2006-2007
0%
55 Stephen Clemence CM 35 1 (5) 2000-2002
0%
No matching quizzes found
Score Distribution
Percent of People with Each Score
Percentile by Number Answered
Your Score History
You have not taken this quiz